Pride and prejudice / (Record no. 288115)
[ view plain ]
| 000 -LEADER | |
|---|---|
| fixed length control field | 00344nam a2200121Ia 4500 |
| 008 - FIXED-LENGTH DATA ELEMENTS--GENERAL INFORMATION | |
| fixed length control field | 150610s9999 xx 000 0 und d |
| 020 ## - INTERNATIONAL STANDARD BOOK NUMBER | |
| International Standard Book Number | 0 553213105 |
| 050 ## - LIBRARY OF CONGRESS CALL NUMBER | |
| Classification number | PR 4034 |
| Item number | .Au933 2003 |
| 100 ## - MAIN ENTRY--PERSONAL NAME | |
| Personal name | Austen, Jane |
| 245 ## - TITLE STATEMENT | |
| Title | Pride and prejudice / |
| Statement of responsibility, etc | Jane Austen. |
| 260 ## - PUBLICATION, DISTRIBUTION, ETC. (IMPRINT) | |
| Place of publication, distribution, etc | New York : |
| Name of publisher, distributor, etc | Bantam Classic, |
| Date of publication, distribution, etc | 2003. |
| 300 ## - PHYSICAL DESCRIPTION | |
| Extent | 344pages ; |
| Dimensions | 18 cm. |
| Withdrawn status | Lost status | Damaged status | Home library | Current library | Shelving location | Date acquired | Total Checkouts | Full call number | Barcode | Date last seen | Price effective from | Koha item type |
|---|---|---|---|---|---|---|---|---|---|---|---|---|
| Stonyhurst Southville International School (Batangas) | Stonyhurst Southville International School (Batangas) | High School Section | 06/10/2015 | PR 4034 .Au933 2003 | US-1707 | 06/10/2015 | Books |